Normal view
MARC view
- Michael, AM
Entry Personal Name
001 - CONTROL NUMBER
- control field: 33088
003 - CONTROL NUMBER IDENTIFIER
- control field: OSt
005 - DATE AND TIME OF LATEST TRANSACTION
- control field: 20221001020020.0
008 - FIXED-LENGTH DATA ELEMENTS
- fixed length control field: 221001|| aca||aabn | a|a d
040 ## - CATALOGING SOURCE
- Original cataloging agency: OSt
- Transcribing agency: OSt
100 ## - HEADING--PERSONAL NAME
- Personal name: Michael, AM
670 ## - SOURCE DATA FOUND
- Source citation: Work cat.: (OSt)68613: Michael, AM, Principles of Agricultural Engineering ,Surveying. Irrigation.Drainage Soil.etc, 2016




